000 00604nam a22002537a 4500
005 20251024192208.0
008 160408b2001 xxu||||| |||| 00| 0 spa d
020 _a997767647X
041 _aESP
082 _a497.9 Q5t
100 _aQuesada Pacheco, Juan Diego
_97838
245 _aTeribes y térrabas: recuentos de un reecuentro
260 _aCosta Rica
260 _bEUCR
260 _c2001
300 _a165 páginas
490 _aTurismo
650 _aTERRABA
650 _aPUEBLO INDÍGENA
650 _aLEYENDAS
650 _aLENGUA INDÍGENA
942 _cBK
_2ddc
999 _c7923
_d7923